[Event "4NCL Division 4 South"]
[Site "Reading, ENG"]
[Date "2017.01.14"]
[Round "3.36"]
[White "Dixon, Chris"]
[Black "Finn, Daniel"]
[Result "0-1"]
[WhiteElo "1800"]
[BlackElo "1467"]
[PlyCount "134"]
[EventDate "2017.01.14"]
[WhiteTeam "The Full Ponty"]
[BlackTeam "Sussex Martlets 3"]

1. Nf3 Nc6 2. d4 d5 3. Bf4 Nf6 4. e3 Bg4 5. h3 Bh5 6. Be2 e6 7. O-O Bd6 8. Bxd6
Qxd6 9. Nbd2 O-O 10. c4 Rfd8 11. a3 a6 12. b4 Ne7 13. Ne5 Bxe2 14. Qxe2 c6 15.
c5 Qc7 16. f4 Nf5 17. g4 Ng3 18. Qf3 Nxf1 19. Rxf1 Nd7 20. g5 Nxe5 21. fxe5 Qe7
22. h4 Rf8 23. e4 Rad8 24. exd5 exd5 25. Qf4 Qe6 26. Rf3 Ra8 27. Nb3 Qg6 28.
Na5 Rab8 29. Kh2 Rfe8 30. Kh3 Rf8 31. Kh2 Kh8 32. Kh3 b6 33. cxb6 Rxb6 34. Nb3
Rbb8 35. Nc5 Ra8 36. e6 Rae8 37. Nd7 Qxe6+ 38. Qf5 Qxf5+ 39. Rxf5 Re3+ 40. Kg2
Rfe8 41. Ne5 Kg8 42. Nxc6 Rc3 43. Ne5 Rxa3 44. Rf3 Rxf3 45. Kxf3 Rb8 46. Nd3
Kf8 47. Kf4 f6 48. gxf6 gxf6 49. Kf5 Kf7 50. Kf4 Rb5 51. Ke3 Kg6 52. Kf4 a5 53.
bxa5 Rxa5 54. Kg4 Kf7 55. Nf4 Ra4 56. Nxd5 Rxd4+ 57. Nf4 Rb4 58. Kf5 Rb5+ 59.
Kg4 Kg7 60. Nh5+ Kg6 61. Nf4+ Kh6 62. Ne6 Re5 63. Nf4 Re4 64. Kf3 Rxf4+ 65.
Kxf4 Kh5 66. Kf5 Kxh4 67. Kxf6 Kg4 0-1

[Event "4NCL Division 4 South"]
[Site "Reading, ENG"]
[Date "2017.01.14"]
[Round "3.41"]
[White "Jones, Robert L"]
[Black "Kamath, Vikram"]
[Result "1/2-1/2"]
[WhiteElo "1789"]
[BlackElo "1846"]
[PlyCount "93"]
[EventDate "2017.01.14"]
[WhiteTeam "Iceni 2"]
[BlackTeam "D&D Utd"]

1. e4 e6 2. d4 d5 3. Nc3 Nf6 4. Bg5 Bb4 5. exd5 Qxd5 6. Bxf6 Bxc3+ 7. bxc3 gxf6
8. Qg4 Kf8 9. Qf4 Qd8 10. Qh6+ Ke7 11. g3 Qd5 12. f3 Qg5 13. Qxg5 fxg5 14. h4
gxh4 15. Rxh4 Nd7 16. Bd3 f5 17. Kd2 Nf6 18. Re1 Kf7 19. Nh3 Rg8 20. g4 fxg4
21. fxg4 Rxg4 22. Rxg4 Nxg4 23. Ng5+ Kg7 24. Nxh7 Nf2 25. Rg1+ Kh6 26. Nf8 Nxd3
27. cxd3 e5 28. Rg6+ Kh5 29. dxe5 Bg4 30. Rf6 Re8 31. d4 c5 32. Rf7 cxd4 33.
cxd4 b5 34. Nh7 Ra8 35. Rb7 Be6 36. Nf6+ Kg6 37. d5 Rd8 38. Rxb5 Kf5 39. d6
Bxa2 40. Rc5 Be6 41. Ke3 Rb8 42. d7 Rd8 43. Kd4 Bxd7 44. Rd5 Ke6 45. Rd6+ Ke7
46. Nd5+ Ke8 47. Nc7+ 1/2-1/2

[Event "4NCL Division 4 South"]
[Site "Reading, ENG"]
[Date "2017.01.14"]
[Round "3.42"]
[White "Sheikh, Nasarullah"]
[Black "Pott, Laurie"]
[Result "0-1"]
[WhiteElo "1684"]
[BlackElo "1773"]
[PlyCount "82"]
[EventDate "2017.01.14"]
[WhiteTeam "D&D Utd"]
[BlackTeam "Iceni 2"]

1. e4 c5 2. g3 d6 3. Bg2 Nc6 4. d3 g6 5. f4 Bg7 6. Nf3 e6 7. O-O Nge7 8. c3 O-O
9. Na3 Rb8 10. Nc2 b5 11. Bd2 a5 12. g4 f5 13. h3 Qe8 14. Qe2 h6 15. exf5 exf5
16. Rae1 Qf7 17. g5 h5 18. a3 Bd7 19. d4 Rfe8 20. Qd1 c4 21. d5 Nxd5 22. Bc1
Nce7 23. Re2 Kh7 24. Nfd4 b4 25. Qe1 Nc6 26. Rxe8 Rxe8 27. Qd2 b3 28. Nxb3 Nxc3
29. Nbd4 Nxd4 30. Nxd4 Bxd4+ 31. Kh1 Ne2 32. Kh2 Bc5 33. Bd5 Be6 34. Bc6 Rc8
35. Bf3 Nxc1 36. Qxc1 Bd5 37. Be2 Re8 38. Bf3 Be3 39. Qc3 Bxf4+ 40. Kg1 Qa7+
41. Kg2 Re2+ 0-1

[Event "4NCL Division 4 South"]
[Site "Reading, ENG"]
[Date "2017.01.14"]
[Round "3.43"]
[White "Usher, Michael E"]
[Black "Jaufarally, Nadia"]
[Result "0-1"]
[WhiteElo "1769"]
[BlackElo "1664"]
[PlyCount "128"]
[EventDate "2017.01.14"]
[WhiteTeam "Iceni 2"]
[BlackTeam "D&D Utd"]

1. b3 d5 2. Bb2 Bf5 3. e3 e6 4. Nf3 Nf6 5. Be2 Be7 6. O-O O-O 7. Nh4 Be4 8. f3
Bg6 9. Nxg6 hxg6 10. f4 Nbd7 11. Bf3 Nc5 12. d3 Nh7 13. Nd2 g5 14. Qe2 Bf6 15.
Be5 Nd7 16. Bxf6 Qxf6 17. fxg5 Qxg5 18. e4 c6 19. d4 Qg6 20. c3 Ng5 21. Bh5 Qh6
22. e5 g6 23. Bg4 Kg7 24. Nf3 Rh8 25. h3 Ne4 26. Qe1 b5 27. a4 a6 28. Ra2 Rhb8
29. Nh2 bxa4 30. bxa4 Rb3 31. Bf3 Nxc3 32. Rc2 Nxa4 33. Rxc6 Qe3+ 34. Qxe3 Rxe3
35. Rc7 Nab6 36. Rd1 Ra3 37. Ng4 a5 38. Rb7 Rb8 39. Ra7 a4 40. Rb1 Nc4 41. Rf1
Nd2 42. Rxd7 Nxf1 43. Kxf1 Ra1+ 44. Kf2 a3 45. Bxd5 exd5 46. e6 a2 47. Rxf7+
Kh8 48. Nf6 Rf1+ 49. Kxf1 a1=Q+ 50. Ke2 Qa6+ 51. Kf2 Rb2+ 52. Kg1 Rb7 53. e7
Rxe7 54. Rxe7 Qxf6 55. Re5 Qc6 56. Kf2 Kg7 57. Re2 Qc3 58. Kf1 Qxd4 59. Ke1
Qc3+ 60. Kd1 d4 61. Rc2 Qb3 62. Kd2 Qe3+ 63. Kd1 d3 64. Rb2 Kh6 0-1

[Event "4NCL Division 4 South"]
[Site "Reading, ENG"]
[Date "2017.01.14"]
[Round "3.44"]
[White "Sheikh, Anum"]
[Black "Carter, Dominic A"]
[Result "0-1"]
[WhiteElo "1463"]
[BlackElo "1675"]
[PlyCount "92"]
[EventDate "2017.01.14"]
[WhiteTeam "D&D Utd"]
[BlackTeam "Iceni 2"]

1. e4 e5 2. Nf3 Nc6 3. d4 exd4 4. Nxd4 Bc5 5. Be3 Qf6 6. Nb5 Bxe3 7. fxe3 Qd8
8. Qg4 Nf6 9. Qxg7 Rg8 10. Qh6 Rg6 11. Qf4 d6 12. N1c3 Nh5 13. Qf2 Rf6 14. Qe2
Rh6 15. Nd5 Qh4+ 16. Qf2 Qxe4 17. Ndxc7+ Kf8 18. Nxa8 Rf6 19. Qd2 Qh4+ 20. g3
Nxg3 21. hxg3 Qxh1 22. Qg2 Qh6 23. O-O-O Qxe3+ 24. Kb1 Bg4 25. Rc1 Ne5 26. Qxb7
Nf3 27. Bg2 Nd2+ 28. Ka1 Nb3+ 29. axb3 Qxc1+ 30. Ka2 Qxc2 31. Nac7 Rf2 32. Ka3
Qxb2+ 33. Ka4 Rxg2 34. Qb8+ Kg7 35. Nxd6 Qd4+ 36. Nc4 Bd7+ 37. Kb4 Qg4 38. Nd5
Qxg3 39. Qd8 Qe1+ 40. Kc5 Qf2+ 41. Kb4 Be6 42. Ne7 Bxc4 43. Kxc4 Qc2+ 44. Kb4
Rg4+ 45. Kb5 Qxb3+ 46. Kc6 Rc4+ 0-1

[Event "4NCL Division 4 South"]
[Site "Reading, ENG"]
[Date "2017.01.14"]
[Round "3.45"]
[White "Balakrishnan, Kathirvel"]
[Black "Jaufarally, Mohammud"]
[Result "1/2-1/2"]
[WhiteElo "1556"]
[BlackElo "1480"]
[PlyCount "49"]
[EventDate "2017.01.14"]
[WhiteTeam "Iceni 2"]
[BlackTeam "D&D Utd"]

1. d4 d5 2. Nf3 Nf6 3. e3 Nc6 4. c3 a6 5. Bd3 Bg4 6. Nbd2 Qd7 7. Qa4 g6 8. Bb5
Qd6 9. Ne5 Bd7 10. Nxd7 Nxd7 11. Bxc6 Qxc6 12. Qxc6 bxc6 13. O-O e6 14. c4 c5
15. Re1 c6 16. cxd5 cxd5 17. Nf3 Nf6 18. b3 Bg7 19. Bb2 Ne4 20. Rac1 cxd4 21.
Bxd4 Bxd4 22. Nxd4 Kd7 23. Re2 Rhc8 24. Rec2 Rxc2 25. Rxc2 1/2-1/2

[Event "4NCL Division 4 South"]
[Site "Reading, ENG"]
[Date "2017.01.14"]
[Round "3.46"]
[White "Jaufarally, Zahra"]
[Black "Thatte, Nishchal"]
[Result "0-1"]
[WhiteElo "1330"]
[BlackElo "1584"]
[PlyCount "92"]
[EventDate "2017.01.14"]
[WhiteTeam "D&D Utd"]
[BlackTeam "Iceni 2"]

1. e4 e6 2. Nf3 d5 3. exd5 exd5 4. d4 Bd6 5. Nc3 c6 6. g3 Bf5 7. Bg2 Nf6 8.
Qe2+ Qe7 9. Be3 Nbd7 10. O-O O-O 11. Rfe1 Ne4 12. Qd1 Nxc3 13. bxc3 Qd8 14. Nh4
Be6 15. Qd3 Be7 16. Nf3 Rc8 17. Qd2 Nb6 18. Bg5 Nc4 19. Qf4 Qd6 20. Bxe7 Qxe7
21. Ng5 Na3 22. Re2 Nb5 23. Qd2 Nxc3 24. Qxc3 Qxg5 25. Re5 Qg6 26. Rae1 Bf5 27.
Qe3 Bxc2 28. Re8 Bf5 29. Rxc8 Bxc8 30. Qe8 Be6 31. Qe7 Bc8 32. Qe8 h6 33. Qe2
Qf6 34. Qb2 Rd8 35. Qb4 Kh7 36. Qb1+ Qg6 37. Qb4 Qd6 38. Qb1+ Qg6 39. Qb4 b6
40. Qe7 Qf6 41. Qc7 Be6 42. Qxa7 Qxd4 43. Qc7 Ra8 44. Qxc6 Rxa2 45. Qb5 Qxf2+
46. Kh1 Qxg2# 0-1

[Event "4NCL Division 4 South"]
[Site "Reading, ENG"]
[Date "2017.01.14"]
[Round "3.51"]
[White "Lewis, Christopher D"]
[Black "Ng, Chung Lok Andrew"]
[Result "0-1"]
[WhiteElo "1945"]
[BlackElo "1930"]
[PlyCount "124"]
[EventDate "2017.01.14"]
[WhiteTeam "Shropshire 2"]
[BlackTeam "Wood Green MM 2"]

1. e4 c5 2. Nf3 Nc6 3. d4 cxd4 4. Nxd4 g6 5. Nc3 Bg7 6. Be3 Nf6 7. Be2 O-O 8.
O-O d5 9. exd5 Nxd5 10. Nxd5 Nxd4 11. Bxd4 Qxd5 12. Bxg7 Qxd1 13. Rfxd1 Kxg7
14. Bf3 Rb8 15. c4 Be6 16. c5 Rfc8 17. b4 a5 18. a3 Rc7 19. Rab1 axb4 20. axb4
Kf6 21. Ra1 Bd7 22. Ra7 Bc6 23. Bxc6 Rxc6 24. Rd7 Ra6 25. Rxa6+ bxa6 26. Ra7
Rxb4 27. Rxa6+ Ke5 28. g3 Rb7 29. Kg2 Rc7 30. Ra5 Kd5 31. h4 Rxc5 32. Ra7 Ke6
33. Kf3 h5 34. Ke4 Rc4+ 35. Ke3 Kf6 36. Kf3 Rb4 37. Rc7 Ra4 38. Rb7 Ra3+ 39.
Ke4 Ra4+ 40. Kf3 Ra3+ 41. Ke4 Rc3 42. Ra7 Ke6 43. Ra6+ Kd7 44. Ra7+ Kd6 45.
Ra6+ Rc6 46. Ra7 Ke6 47. Rb7 Ra6 48. Kf4 Ra4+ 49. Ke3 f5 50. Rb6+ Kf7 51. Rb7
Rg4 52. Ra7 f4+ 53. Kf3 fxg3 54. fxg3 Rb4 55. Rc7 Kf6 56. Rc6+ Kf5 57. Rc5+ e5
58. Ra5 Rb3+ 59. Kf2 Kg4 60. Rxe5 Rf3+ 61. Ke2 Rxg3 62. Re4+ Kh3 0-1

[Event "4NCL Division 4 South"]
[Site "Reading, ENG"]
[Date "2017.01.14"]
[Round "3.52"]
[White "Guha, Chirag"]
[Black "Higgie, Charles L"]
[Result "0-1"]
[WhiteElo "1922"]
[BlackElo "1945"]
[PlyCount "72"]
[EventDate "2017.01.14"]
[WhiteTeam "Wood Green MM 2"]
[BlackTeam "Shropshire 2"]

1. d4 Nf6 2. c4 g6 3. Nf3 Bg7 4. g3 c5 5. Nc3 O-O 6. d5 d6 7. Bg2 Na6 8. O-O
Bd7 9. e4 Nc7 10. a4 b6 11. h3 a6 12. e5 Nfe8 13. Bf4 b5 14. axb5 axb5 15. Rxa8
Qxa8 16. Ne4 f5 17. Neg5 bxc4 18. exd6 Nxd6 19. Bxd6 exd6 20. Ne6 Nxe6 21. dxe6
Bc6 22. e7 Re8 23. Qe2 Bxb2 24. Qxb2 Bxf3 25. Bxf3 Qxf3 26. Re1 Kf7 27. Qb5 Qd5
28. Qd7 c3 29. g4 c2 30. g5 f4 31. Qa4 Qxg5+ 32. Kh2 f3 33. Qa2+ d5 34. Rg1
Qxg1+ 35. Kxg1 c1=Q+ 36. Kh2 Qg5 0-1

[Event "4NCL Division 4 South"]
[Site "Reading, ENG"]
[Date "2017.01.14"]
[Round "3.53"]
[White "Bennion, David"]
[Black "Holton, Jake"]
[Result "1-0"]
[WhiteElo "1862"]
[BlackElo "1931"]
[PlyCount "51"]
[EventDate "2017.01.14"]
[WhiteTeam "Shropshire 2"]
[BlackTeam "Wood Green MM 2"]

1. e4 e6 2. d4 d5 3. Nd2 c5 4. exd5 Qxd5 5. Ngf3 cxd4 6. Bc4 Qd6 7. O-O Nf6 8.
Bb5+ Bd7 9. a4 Nc6 10. Nc4 Qd5 11. Re1 Bc5 12. Bg5 Ne4 13. Rxe4 Qxe4 14. Ncd2
Qg6 15. Nb3 Be7 16. Bxe7 Kxe7 17. Nc5 a6 18. Nxd7 axb5 19. axb5 Nb4 20. Rc1 Qe4
21. Qd2 Na2 22. Re1 Qg4 23. Nde5 Qh5 24. Qxd4 Rhd8 25. Qb6 Rab8 26. g4 1-0

[Event "4NCL Division 4 South"]
[Site "Reading, ENG"]
[Date "2017.01.14"]
[Round "3.54"]
[White "Karamazondo, Ernest"]
[Black "Tarr, Steve F"]
[Result "1-0"]
[WhiteElo "1982"]
[BlackElo "1840"]
[PlyCount "47"]
[EventDate "2017.01.14"]
[WhiteTeam "Wood Green MM 2"]
[BlackTeam "Shropshire 2"]

1. e4 c5 2. d4 cxd4 3. c3 Nf6 4. e5 Nd5 5. Nf3 d6 6. Bc4 Nb6 7. Bb3 Nc6 8. O-O
dxe5 9. Re1 e6 10. Nxe5 Nxe5 11. Rxe5 Bd6 12. Re4 Qc7 13. Qh5 Qc5 14. Qg4 O-O
15. Bh6 Be5 16. cxd4 f5 17. dxc5 fxg4 18. Rxe5 gxh6 19. cxb6 axb6 20. Nc3 Rf6
21. Rae1 Ra5 22. Bxe6+ Bxe6 23. Rxe6 Rxe6 24. Rxe6 1-0

[Event "4NCL Division 4 South"]
[Site "Reading, ENG"]
[Date "2017.01.14"]
[Round "3.55"]
[White "Ross, Stuart"]
[Black "Green, Emily"]
[Result "1/2-1/2"]
[WhiteElo "1735"]
[BlackElo "1795"]
[PlyCount "107"]
[EventDate "2017.01.14"]
[WhiteTeam "Shropshire 2"]
[BlackTeam "Wood Green MM 2"]

1. e4 e5 2. Nf3 Nc6 3. Bb5 Nf6 4. O-O d6 5. d4 exd4 6. Nxd4 Bd7 7. Re1 Nxd4 8.
Bxd7+ Nxd7 9. Qxd4 Ne5 10. Bf4 Nc6 11. Qd2 Be7 12. Nc3 O-O 13. Nd5 Re8 14.
Nxe7+ Qxe7 15. Rad1 Rad8 16. a3 f6 17. Qd5+ Qe6 18. Qb5 Rb8 19. Re3 a6 20. Qe2
Re7 21. h4 Rbe8 22. h5 Qf7 23. g4 Ne5 24. b3 Qe6 25. f3 Nd7 26. Rc3 Nb6 27. a4
Qf7 28. Qf2 Nc8 29. Rcd3 Kh8 30. Qh2 h6 31. c4 Na7 32. Rd5 Nc6 33. Rf5 Ne5 34.
Qh3 Qe6 35. Qg2 Kh7 36. Bxe5 fxe5 37. Qd2 Rf7 38. Qd5 Qxd5 39. Rxd5 Rxf5 40.
gxf5 b6 41. b4 Rd8 42. c5 Kg8 43. Kf2 Kf7 44. c6 Re8 45. Ke3 Kf6 46. f4 exf4+
47. Kxf4 Re5 48. Rd3 Kf7 49. Rc3 a5 50. b5 Rc5 51. Rxc5 dxc5 52. e5 Ke7 53. Ke4
Kf7 54. Kd5 1/2-1/2

[Event "4NCL Division 4 South"]
[Site "Reading, ENG"]
[Date "2017.01.14"]
[Round "3.56"]
[White "Metcalfe, Charlie P"]
[Black "Peck, Windsor W A"]
[Result "1-0"]
[WhiteElo "1690"]
[BlackElo "1547"]
[PlyCount "181"]
[EventDate "2017.01.14"]
[WhiteTeam "Wood Green MM 2"]
[BlackTeam "Shropshire 2"]

1. d4 d5 2. Nf3 Nf6 3. c4 c6 4. Nc3 e6 5. cxd5 cxd5 6. Bg5 Be7 7. e3 Nc6 8. a3
Bd7 9. Bd3 Rc8 10. O-O O-O 11. Ne5 Nxe5 12. dxe5 Ne8 13. Bf4 a6 14. Qh5 g6 15.
Qg4 Kg7 16. Bg3 Qb6 17. Nxd5 Qd8 18. Nf4 Bb5 19. Bxb5 axb5 20. Rfd1 Qc7 21.
Nh5+ Kh8 22. Nf4 Ng7 23. Qe2 Qc6 24. Nd3 Rfd8 25. Rac1 Qe8 26. Rxc8 Rxc8 27.
Rc1 Nf5 28. Bf4 Rc4 29. h3 Qc6 30. Rd1 Rc2 31. Rd2 Rc4 32. Ne1 h5 33. Nc2 Nh4
34. f3 Nf5 35. Nd4 Rc1+ 36. Kf2 Qc4 37. Nxb5 Qc6 38. Nd4 Nxd4 39. exd4 Bh4+ 40.
Bg3 Bg5 41. f4 Be7 42. Qd3 Kg7 43. Ke3 g5 44. f5 Bd8 45. fxe6 fxe6 46. Qe4 Qb6
47. Rc2 Qb3+ 48. Rc3 Qxb2 49. Rxc1 Qxc1+ 50. Ke2 Qc3 51. Qxb7+ Kh6 52. Qf3 Qxd4
53. Qf8+ Kh7 54. Qf7+ Kh6 55. Qxe6+ Kg7 56. Qb3 Qe4+ 57. Kf1 Qf5+ 58. Kg1 Be7
59. a4 Qc8 60. Qb2 Qe6 61. a5 Qd5 62. Qc3 Kg6 63. Qc2+ Kg7 64. a6 Bc5+ 65. Bf2
Bxf2+ 66. Qxf2 Qxe5 67. Qa7+ Kg6 68. Qb6+ Kf7 69. Qb7+ Ke6 70. Qc6+ Kf7 71.
Qd7+ Kg6 72. Qd3+ Kg7 73. Qd7+ Kg6 74. Qc6+ Kf7 75. Qc4+ Kg6 76. Qc2+ Kg7 77.
Qc4 Qe1+ 78. Qf1 Qd2 79. Qf2 Qc1+ 80. Kh2 Qc7+ 81. Qg3 Qb6 82. Qxg5+ Kf8 83.
Qf5+ Ke7 84. Qh7+ Kd8 85. Qh8+ Ke7 86. Qg7+ Kd8 87. Qf8+ Kd7 88. Qf7+ Kd8 89.
Qd5+ Ke8 90. Qxh5+ Ke7 91. Qe5+ 1-0

[Event "4NCL Division 4 South"]
[Site "Reading, ENG"]
[Date "2017.01.14"]
[Round "3.61"]
[White "Balouka Myers, Gabriel"]
[Black "Lunn, Timothy"]
[Result "1/2-1/2"]
[WhiteElo "1817"]
[BlackElo "2005"]
[PlyCount "90"]
[EventDate "2017.01.14"]
[WhiteTeam "Barnet Knights 2"]
[BlackTeam "Anglian Avengers 3"]

1. Nf3 Nf6 2. g3 g6 3. d4 Bg7 4. c4 O-O 5. Bg2 d6 6. Nc3 c6 7. O-O Qa5 8. e4 e5
9. c5 exd4 10. Nxd4 dxc5 11. Nb3 Qb4 12. Be3 Na6 13. a3 Qc4 14. Rc1 Ng4 15. Nd5
Nxe3 16. Ne7+ Kh8 17. fxe3 Qe6 18. Nxc8 Raxc8 19. Nxc5 Nxc5 20. Rxc5 Bxb2 21.
Qb1 Be5 22. Qxb7 Rc7 23. Qb4 Bd6 24. Qc3+ Kg8 25. Rxc6 Rxc6 26. Qxc6 Bxa3 27.
Qxe6 fxe6 28. Rxf8+ Kxf8 29. Kf2 Ke7 30. e5 Bb2 31. Ke2 Bxe5 32. Kd3 Kf6 33.
Ke4 h5 34. Kf3 a5 35. Bf1 a4 36. h3 a3 37. Bc4 Bc3 38. Ke4 e5 39. g4 Kg5 40.
gxh5 gxh5 41. Kd3 Bb4 42. Be6 Kh4 43. Kc2 Bc5 44. e4 a2 45. Kb2 a1=Q+ 1/2-1/2

[Event "4NCL Division 4 South"]
[Site "Reading, ENG"]
[Date "2017.01.14"]
[Round "3.62"]
[White "Cocks, Elliot"]
[Black "Balouka Myers, Reuben"]
[Result "1-0"]
[WhiteElo "1915"]
[BlackElo "1712"]
[PlyCount "65"]
[EventDate "2017.01.14"]
[WhiteTeam "Anglian Avengers 3"]
[BlackTeam "Barnet Knights 2"]

1. d4 e6 2. c4 d5 3. Nc3 f5 4. Nf3 Nf6 5. Bf4 Be7 6. h3 c6 7. e3 Nbd7 8. Be2
O-O 9. O-O Ne4 10. Rc1 g5 11. Bh2 Ndf6 12. Ne5 Nxc3 13. Rxc3 Qe8 14. c5 h5 15.
Nd3 Qg6 16. b4 Ne4 17. Rb3 g4 18. Nf4 Qg5 19. a4 Bd7 20. b5 e5 21. dxe5 Nxc5
22. Rb2 Ne4 23. bxc6 bxc6 24. Nxd5 cxd5 25. Qxd5+ Kg7 26. Bf4 Qg6 27. Qxd7 Rfe8
28. hxg4 hxg4 29. Rc1 Rad8 30. Qc6 Qh5 31. Rb7 Qh4 32. g3 Qh3 33. Qe6 1-0

[Event "4NCL Division 4 South"]
[Site "Reading, ENG"]
[Date "2017.01.14"]
[Round "3.63"]
[White "Willmoth, Harrison"]
[Black "Sheerin, Alex"]
[Result "1-0"]
[WhiteElo "1697"]
[BlackElo "1825"]
[PlyCount "87"]
[EventDate "2017.01.14"]
[WhiteTeam "Barnet Knights 2"]
[BlackTeam "Anglian Avengers 3"]

1. e4 c5 2. Nf3 Nc6 3. Bb5 g6 4. O-O Bg7 5. c3 Nf6 6. Re1 O-O 7. d3 d6 8. Nbd2
a6 9. Bxc6 bxc6 10. Nf1 Qb6 11. Ng3 Bb7 12. Bg5 e6 13. Qd2 Rfe8 14. Qf4 e5 15.
Qh4 Nd7 16. Bh6 Bc8 17. Bxg7 Kxg7 18. Rab1 Rb8 19. Ng5 Nf6 20. Nf1 h6 21. Nh3
Be6 22. c4 Qa5 23. a3 Rb3 24. f4 Rxd3 25. fxe5 dxe5 26. Ne3 Red8 27. Nf2 Rd2
28. Nfg4 Nxg4 29. Nxg4 Bxg4 30. Qxg4 Rxb2 31. Qg3 Rxb1 32. Qxe5+ Kh7 33. Rxb1
Qxa3 34. Qe7 Qe3+ 35. Kh1 Qd4 36. Rf1 Qg7 37. Qxd8 f5 38. exf5 gxf5 39. Rd1 Kg6
40. Qd6+ Kh5 41. Rf1 Qg5 42. Qf4 Kg6 43. Qxg5+ hxg5 44. Ra1 1-0

[Event "4NCL Division 4 South"]
[Site "Reading, ENG"]
[Date "2017.01.14"]
[Round "3.64"]
[White "Woodcock, Keith D"]
[Black "Gilmore, Samuel"]
[Result "1-0"]
[WhiteElo "1727"]
[BlackElo "1645"]
[PlyCount "55"]
[EventDate "2017.01.14"]
[WhiteTeam "Anglian Avengers 3"]
[BlackTeam "Barnet Knights 2"]

1. d4 Nf6 2. Nc3 d6 3. e4 Nbd7 4. f4 e6 5. Nf3 Be7 6. e5 dxe5 7. fxe5 Nd5 8.
Ne4 h6 9. c3 a5 10. Bd3 c5 11. O-O cxd4 12. cxd4 Qb6 13. Qe2 Nb4 14. Bb5 O-O
15. Be3 Nd5 16. Bc1 Rd8 17. a3 Nf8 18. Bd3 Ng6 19. Qf2 Nf8 20. Qg3 Kh8 21. Kh1
Bd7 22. Qh3 f5 23. exf6 Nxf6 24. Bxh6 gxh6 25. Qxh6+ N6h7 26. Nfg5 Bxg5 27.
Nxg5 Qxd4 28. Rxf8+ 1-0

[Event "4NCL Division 4 South"]
[Site "Reading, ENG"]
[Date "2017.01.14"]
[Round "3.65"]
[White "Atalla, George"]
[Black "John, Adam"]
[Result "0-1"]
[WhiteElo "1577"]
[BlackElo "1589"]
[PlyCount "84"]
[EventDate "2017.01.14"]
[WhiteTeam "Barnet Knights 2"]
[BlackTeam "Anglian Avengers 3"]

1. d4 Nf6 2. Nf3 g6 3. g3 Bg7 4. Bg2 O-O 5. O-O d5 6. b3 c5 7. Ba3 cxd4 8. Nxd4
Re8 9. Nd2 a6 10. c4 e5 11. Nc2 Nc6 12. cxd5 Nxd5 13. Ne4 Bf5 14. Nd6 Nc3 15.
Qd2 Nb5 16. e4 Nxa3 17. Nxa3 Nd4 18. Nxe8 Nf3+ 19. Bxf3 Qxd2 20. exf5 Rxe8 21.
fxg6 hxg6 22. Rfd1 Qb4 23. Nc4 e4 24. Re1 Bxa1 25. Bxe4 Qxe1+ 26. Kg2 Qxe4+ 27.
Kh3 Qxc4 28. bxc4 Re2 29. f4 Rxa2 30. c5 Rd2 31. g4 Bf6 32. Kg3 a5 33. g5 Bxg5
34. fxg5 a4 35. h4 a3 36. Kg4 a2 37. h5 a1=Q 38. hxg6 fxg6 39. Kf4 Qd4+ 40. Kf3
Rf2+ 41. Kg3 Qe3+ 42. Kg4 Rf4# 0-1

[Event "4NCL Division 4 South"]
[Site "Reading, ENG"]
[Date "2017.01.14"]
[Round "3.71"]
[White "Pafura, Godfrey Bisereko"]
[Black "Willmoth, Robert F"]
[Result "0-1"]
[WhiteElo "2023"]
[BlackElo "2245"]
[PlyCount "76"]
[EventDate "2017.01.14"]
[WhiteTeam "Throw in the Tal 1"]
[BlackTeam "Barnet Knights 1"]

1. d4 d6 2. Nf3 Bg4 3. e4 Nf6 4. Bd3 Nbd7 5. O-O e5 6. c3 Be7 7. Re1 O-O 8.
Nbd2 c6 9. Nf1 Re8 10. Ng3 Bf8 11. h3 Bxf3 12. Qxf3 g6 13. Bg5 Bg7 14. Rad1
exd4 15. cxd4 Qa5 16. Bd2 Qxa2 17. Bc3 Qe6 18. e5 Nd5 19. Bc4 dxe5 20. dxe5
Nxe5 21. Bxe5 Bxe5 22. Qb3 Qc8 23. Ne4 Qc7 24. Bxd5 cxd5 25. Rxd5 Bg7 26. Qa4
Re7 27. Red1 Rae8 28. Ng3 a6 29. Qb3 Re1+ 30. Nf1 Rxd1 31. Rxd1 b5 32. Ne3 Qc6
33. Nd5 Qc4 34. Qa3 Qe2 35. Rb1 Bd4 36. Rf1 Qd2 37. Qxa6 Re1 38. Qxb5 Qxf2+ 0-1

[Event "4NCL Division 4 South"]
[Site "Reading, ENG"]
[Date "2017.01.14"]
[Round "3.72"]
[White "Villiers, Thomas"]
[Black "Nwachukwu, Chino"]
[Result "1-0"]
[WhiteElo "2222"]
[BlackElo "2005"]
[PlyCount "75"]
[EventDate "2017.01.14"]
[WhiteTeam "Barnet Knights 1"]
[BlackTeam "Throw in the Tal 1"]

1. Nf3 Nf6 2. c4 g6 3. g3 Bg7 4. Bg2 O-O 5. Nc3 c6 6. O-O Re8 7. d4 d6 8. e4
Nfd7 9. d5 Nc5 10. Be3 Nbd7 11. Bd4 Bh6 12. Re1 e5 13. Be3 Bf8 14. b4 Na6 15.
dxc6 bxc6 16. a3 Nb6 17. Qd3 Be6 18. Nd2 Qc8 19. Rac1 Qb7 20. f4 exf4 21. gxf4
Rad8 22. f5 Bc8 23. Bg5 Be7 24. f6 Bf8 25. Qg3 h6 26. Be3 Nd7 27. b5 Nac5 28.
e5 Qc7 29. bxc6 Nxe5 30. Bxc5 dxc5 31. Nd5 Qa5 32. Nb3 Qxa3 33. c7 Rd6 34. Rxe5
Rxe5 35. Qxe5 Qxb3 36. Ne7+ Bxe7 37. fxe7 Rd1+ 38. Bf1 1-0

[Event "4NCL Division 4 South"]
[Site "Reading, ENG"]
[Date "2017.01.14"]
[Round "3.73"]
[White "Pink, Joshua"]
[Black "Brozel, Sacha"]
[Result "1-0"]
[WhiteElo "2042"]
[BlackElo "2080"]
[PlyCount "135"]
[EventDate "2017.01.14"]
[WhiteTeam "Throw in the Tal 1"]
[BlackTeam "Barnet Knights 1"]

1. c3 Nf6 2. Nf3 e6 3. d4 b6 4. Bf4 Bb7 5. Nbd2 c5 6. e3 cxd4 7. exd4 Be7 8.
Nc4 d6 9. Bd3 O-O 10. O-O Qc7 11. Re1 Nbd7 12. Nfd2 Rfe8 13. Ne3 e5 14. Bg3 Bf8
15. Ng4 g6 16. Bh4 Bg7 17. dxe5 dxe5 18. Bb5 Bc6 19. Bxc6 Qxc6 20. Bxf6 Bxf6
21. Nxf6+ Nxf6 22. Qe2 e4 23. Qc4 Rac8 24. Qxc6 Rxc6 25. Re2 h5 26. Rae1 Rce6
27. Re3 g5 28. f3 exf3 29. Rxe6 Rxe6 30. Rxe6 fxe6 31. Nxf3 g4 32. Ne5 Ne4 33.
Kf1 Kg7 34. Ke2 Kf6 35. Nc6 a6 36. Ke3 Kf5 37. Nd4+ Ke5 38. Nxe6 Nxc3 39. bxc3
Kxe6 40. Kf4 Kf6 41. c4 b5 42. cxb5 axb5 43. a3 Kg6 44. h4 gxh3 45. gxh3 Kf6
46. h4 Ke6 47. Kg5 Kd5 48. Kxh5 Kc4 49. Kg4 Kb3 50. h5 Kxa3 51. h6 b4 52. h7 b3
53. h8=Q b2 54. Qc3+ Ka2 55. Qa5+ Kb3 56. Qb5+ Ka2 57. Qa4+ Kb1 58. Kf3 Kc1 59.
Qc4+ Kd2 60. Qb3 Kc1 61. Qc3+ Kb1 62. Ke3 Ka2 63. Qa5+ Kb3 64. Qb5+ Kc2 65.
Qc4+ Kd1 66. Qc3 b1=N 67. Qb3+ Kc1 68. Kd3 1-0

[Event "4NCL Division 4 South"]
[Site "Reading, ENG"]
[Date "2017.01.14"]
[Round "3.74"]
[White "Pollack, Oscar"]
[Black "Smith, Richard W"]
[Result "1/2-1/2"]
[WhiteElo "1952"]
[BlackElo "1945"]
[PlyCount "63"]
[EventDate "2017.01.14"]
[WhiteTeam "Barnet Knights 1"]
[BlackTeam "Throw in the Tal 1"]

1. e4 e5 2. Nf3 Nc6 3. d4 exd4 4. Nxd4 Bc5 5. Nxc6 Qf6 6. Qf3 Qxf3 7. gxf3 dxc6
8. Be3 Bxe3 9. fxe3 Bd7 10. Rg1 Ne7 11. Rxg7 Ng6 12. Bc4 Ne5 13. Nd2 b5 14. Bb3
c5 15. c4 Be6 16. Rg5 f6 17. Rg7 Nd3+ 18. Ke2 Nxb2 19. cxb5 c4 20. Nxc4 Bxc4+
21. Bxc4 Nxc4 22. Rc1 Nd6 23. a4 a6 24. bxa6 Rxa6 25. Rcxc7 Rxa4 26. Rge7+ Kf8
27. Red7 Ra2+ 28. Kd3 Ra3+ 29. Ke2 Ra2+ 30. Kf1 Ra1+ 31. Kf2 Rg8 32. Rxd6
1/2-1/2

[Event "4NCL Division 4 South"]
[Site "Reading, ENG"]
[Date "2017.01.14"]
[Round "3.75"]
[White "Ireland, David J"]
[Black "Sanitt, Ethan"]
[Result "1/2-1/2"]
[WhiteElo "1990"]
[BlackElo "1832"]
[PlyCount "32"]
[EventDate "2017.01.14"]
[WhiteTeam "Throw in the Tal 1"]
[BlackTeam "Barnet Knights 1"]

1. e4 e6 2. d4 d5 3. Nd2 Nf6 4. e5 Nfd7 5. Qg4 c5 6. c3 Nc6 7. Ngf3 cxd4 8.
cxd4 Qb6 9. Be2 g6 10. O-O h5 11. Qg3 Nxd4 12. Bd3 Bg7 13. Re1 Nc6 14. Bxg6
fxg6 15. Qxg6+ Kf8 16. Qxe6 Ne7 1/2-1/2